000 00912nam a2200289Ia 4500
001 C5892
003 IT-RoPAU
008 130308s9999 xx 000 0 und d
040 _aIT-RoPAU
040 _cIT-RoPAU
041 _aFRANCESE
100 _aGaillard Francoise
100 _gCodice Aut. SPICS: 17860
245 _aSymbole, sens et architecture
245 _bBeau Aujourd'Hui (Le)
250 _a1a ed.
260 _aPARIS
260 _bCentre Georges Pompidou
260 _c1993 [1° Ed.:1993 - Ed.Ling.Originale:1993]
300 _a"14 p. (prefazione: no ; testo: 14 [pagine: 109-122])"
500 _aSimbolo, Senso e Architettura. Due Architetture Contemporanee: Liceo Louislumiere e Lo Stabilimento Thompson. Tradizione Storica e Segnaletica. Ideearchitettoniche.
650 _aLOGICA FILOSOFICA
650 _eCodice materia Spics: 3151
942 _cBK
957 _71
999 _c77725
_d77725
999 _g1